| 000 | 00818cab a2200229 4500 | ||
|---|---|---|---|
| 001 | WB3006-08 | ||
| 008 | 090401t1994 xxu||||| |||| 00| 0 eng d | ||
| 035 | _a(Sirsi) u66983 | ||
| 041 | _aeng | ||
| 245 | _aScottish heritage guidelines | ||
| 260 | _c1994 | ||
| 350 | _a0 | ||
| 490 |
_aScottish Office Information Directorate _v(0125/94) 31 January 1994, (2) |
||
| 520 | _aA Scottish Office New Planning Policy Guideline (NPPG) "Archaeology and Planning" advises Scottish local authorities on archaeological and historical sites. Planning Advice Note (PAN) "Archaeology - the process and scheduled monument procedures" accompanies. | ||
| 650 | _aARCHAEOLOGICAL SITES | ||
| 650 | _aNPPGS | ||
| 650 | _aPLANNING POLICY | ||
| 650 | _aSCOTLAND | ||
| 690 | _aCONSERVATION | ||
| 942 | _n0 | ||
| 948 | _c04/03/1997 | ||
| 999 |
_c41879 _d41879 |
||